000 00640nam a2200229Ia 4500
003 BUBTL
008 151213s9999 xx 000 0 und d
041 _aEnglish
082 _a345.072/ H963c/ 1996
100 _aHussain, Muhammed Sohul
_95453
245 _aCr. P. C. Today (As Modification Upto March, 1996) /
_cMuhammed Sohul Hussain
250 _a3rd
260 _aDhaka
_bc1996
300 _a[xlviii], 135p. :
_bill. ; 22cm.
526 _aLaw
650 _aLaw
650 _a
700 _aMuhammed Sohul Hussain
_95454
856 _k0
_l0
_yDownload
942 _2ddc
_cBK
999 _c1965
_d1965